000 00403nam a2200169Ia 4500
008 230524s9999 xx 000 0 und d
020 _a9788123917288
082 _a620.1064
_bASA
100 _aG.L.Asawa
245 0 _aFluid Flow in Pipes and Channels
250 _a1
260 _aNew Delhi
_bCBS
_c2014
300 _a"xii,509p;"
500 _aQuantity Number: 2
650 _aCivil
942 _cBK
999 _c55311
_d55311